Geography Quiz

Random Geography or City Quiz

Texas Cities (1850-2010) Quiz Stats

Quiz Updated Aug 10, 2012

Also try: Counties of Texas
Challenge
Share
Tweet
Embed
Score 0/166 Timer 09:00
16 Plays Today
Census City % Correct
1890Dallas
98.5%
1900Dallas
98.5%
1880Dallas
98.5%
1910Dallas
98.5%
1920Dallas
98.5%
1930Dallas
98.5%
1940Dallas
98.5%
1950Dallas
98.5%
1960Dallas
98.5%
1970Dallas
98.5%
1980Dallas
98.5%
1990Dallas
98.5%
2000Dallas
98.5%
2010Dallas
98.5%
1900Houston
98.4%
1910Houston
98.4%
1920Houston
98.4%
1930Houston
98.4%
1940Houston
98.4%
1950Houston
98.4%
1960Houston
98.4%
1970Houston
98.4%
1980Houston
98.4%
1990Houston
98.4%
2000Houston
98.4%
2010Houston
98.4%
1890Houston
98.4%
1880Houston
98.4%
1870Houston
98.4%
1860Houston
98.4%
1850Houston
98.4%
1950Austin
95.4%
1960Austin
95.4%
1970Austin
95.4%
1980Austin
95.4%
1990Austin
95.4%
2000Austin
95.4%
2010Austin
95.4%
1940Austin
95.4%
1930Austin
95.4%
1920Austin
95.4%
1910Austin
95.4%
1900Austin
95.4%
1890Austin
95.4%
1880Austin
95.4%
1870Austin
95.4%
1860Austin
95.4%
1850Austin
95.4%
1880San Antonio
94%
1890San Antonio
94%
1900San Antonio
94%
1910San Antonio
94%
1920San Antonio
94%
1930San Antonio
94%
1940San Antonio
94%
1950San Antonio
94%
Census City % Correct
1960San Antonio
94%
1970San Antonio
94%
1980San Antonio
94%
1990San Antonio
94%
2000San Antonio
94%
2010San Antonio
94%
1870San Antonio
94%
1860San Antonio
94%
1850San Antonio
94%
1910Fort Worth
88.4%
1920Fort Worth
88.4%
1930Fort Worth
88.4%
1940Fort Worth
88.4%
1950Fort Worth
88.4%
1960Fort Worth
88.4%
1970Fort Worth
88.4%
1980Fort Worth
88.4%
1990Fort Worth
88.4%
2000Fort Worth
88.4%
2010Fort Worth
88.4%
1900Fort Worth
88.4%
1890Fort Worth
88.4%
1880Fort Worth
88.4%
1890El Paso
87.2%
1920El Paso
87.2%
1930El Paso
87.2%
1940El Paso
87.2%
1950El Paso
87.2%
1960El Paso
87.2%
1970El Paso
87.2%
1980El Paso
87.2%
1990El Paso
87.2%
2000El Paso
87.2%
2010El Paso
87.2%
1910El Paso
87.2%
1900El Paso
87.2%
1950Corpus Christi
67.7%
1960Corpus Christi
67.7%
1970Corpus Christi
67.7%
1980Corpus Christi
67.7%
1990Corpus Christi
67.7%
2000Corpus Christi
67.7%
2010Corpus Christi
67.7%
1940Corpus Christi
67.7%
1980Arlington
62.1%
1990Arlington
62.1%
2000Arlington
62.1%
2010Arlington
62.1%
1880Galveston
61.7%
1940Galveston
61.7%
1930Galveston
61.7%
1920Galveston
61.7%
1910Galveston
61.7%
1900Galveston
61.7%
1890Galveston
61.7%
1870Galveston
61.7%
Census City % Correct
1860Galveston
61.7%
1850Galveston
61.7%
1960Lubbock
61.3%
1970Lubbock
61.3%
1980Lubbock
61.3%
1990Lubbock
61.3%
1950Waco
60%
1940Waco
60%
1930Waco
60%
1920Waco
60%
1910Waco
60%
1900Waco
60%
1890Waco
60%
1880Waco
60%
1870Waco
60%
1960Amarillo
58.9%
1980Amarillo
58.9%
1970Amarillo
58.9%
1950Amarillo
58.9%
2010Laredo
49.4%
1910Laredo
49.4%
1900Laredo
49.4%
1890Laredo
49.4%
1860Laredo
49.4%
2000Plano
48.1%
2010Plano
48.1%
1880Brownsville
47.8%
1870Brownsville
47.8%
1860Brownsville
47.8%
1970Beaumont
32.6%
1960Beaumont
32.6%
1950Beaumont
32.6%
1940Beaumont
32.6%
1930Beaumont
32.6%
1920Beaumont
32.6%
1910Beaumont
32.6%
1990Garland
28.5%
2000Garland
28.5%
1920Wichita Falls
25.4%
1930Port Arthur
16.4%
1870Victoria
14.7%
1860Victoria
14.7%
1850Victoria
14.7%
1870New Braunfels
12.5%
1860New Braunfels
12.5%
1850New Braunfels
12.5%
1860Huntsville
9.1%
1880Sherman
8.3%
1880Marshall
7.2%
1900Denison
6.4%
1890Denison
6.4%
1860Jefferson
5.7%
1870Jefferson
5.7%
1870Indianola
4.3%

You're not logged in!

Compare scores with friends on all Sporcle quizzes.
Join for Free
OR
Log In

You Might Also Like...

Show Comments

Extras

Top Quizzes Today


Score Distribution

Your Account Isn't Verified!

In order to create a playlist on Sporcle, you need to verify the email address you used during registration. Go to your Sporcle Settings to finish the process.

Report this User

Report this user for behavior that violates our Community Guidelines.

Details: